1594 1265 1818 1249 1898 1131 1059 1908 1692 1915 1619 1863 1134 1544 1561 1376 1170 1208 1648 1588 1504 1856 1780 1719 1335 1016 1204 1702 1749 1582 1152 1466 1599 1310 1131 1793 1617 1198 1412 1868 1550 1702 1762 1092 1649 1822 1632 1124 1962 1478 1333 1728 1920 1346 1843 1078 1097 1146 1183 1371 1914 1634 1480 1777 1193 1533 1525 1476 1187 1776 1036 1423 1634 1994 1810 1650 1557 1269 1041 1477 1300 1761 1271 1270 1060 1489 1899 1231 1482 1350 1589 1014 1282 1181 1330 1559 1669 1456 1558 BCNSPRNW ULIB Ver.6.0+V

เปลี่ยนเป็นภาษาไทย

Change to English
 แสดงรายละเอียดบรรณานุกรม
  กลับหน้าหลัก

Brief Record : Get Marc (ISO 2709) : E-mail record : QR code < ปิดหน้าต่าง
LEADER : 00000nam 2200000uu 4500
001    13399113245
003     ULIB
008    111004s2549||||th 000 0 tha d
020    9741335458 (ล.2)
050  4 QH307.2^bป469ช ล.2 2549
100 0  ปรีชา สุวรรณพินิจ
245 10 ชีววิทยา /^cปรีชา สุวรรณพินิจ, นงลักษณ์ สุวรรณพินิจ
250    พิมพ์ครั้งที่ 6
260    กรุงเทพฯ :^bสำนักพิมพ์แห่งจุฬาลงกรณ์มหาวิทยาลัย,^c2549
300    2 เล่ม :^bภาพประกอบ ;^c26 ซม.
650  4 ชีววิทยา
650  4 วิทยาศาสตร์ชีวภาพ
700 0  นงลักษณ์ สุวรรณพินิจ
945    ^p350^l0^i021057
945    ^p350^l0^i021058
945    ^p350^l0^i021059
995    ทศพร
999 ^a ทศพร
รายการนี้ยังไม่มีแท็ก
คุณยังไม่ได้ล็อกอิน คุณสามารถมีกิจกรรมร่วมกับเว็บไซต์ได้ แต่ต้องล็อกอินก่อน ::
  ล็อกอิน

รายการสื่อสารสนเทศ

ลำดับที่ ประเภท เลขเรียก/บาร์โค้ด สถานที่ สถานะ
- ไม่พบข้อมูล -

รายการใกล้เคียง
    ผู้แต่ง [ปรีชา สุวรรณพินิจ]

    หัวเรื่อง [ชีววิทยา]
    หัวเรื่อง [วิทยาศาสตร์ชีวภาพ]

BibComment


ยังไม่เคยถูกคอมเมนท์

คอมเมนท์ทรัพยากรรายการนี้
  คอมเมนท์: ชีววิทยา ปรีชา ..


 Copyright 2026. Bcnsprnw @Library